[Event "Schneider mem op"]
[Site "Budapest"]
[Date "1991.??.??"]
[Round "2"]
[White "Csom, Etelka"]
[Black "Kuporosov, Viktor"]
[Result "0-1"]
[WhiteElo "2100"]
[BlackElo "2485"]

1.e4 c5 2.Nf3 e6 3.d4 cxd4 4.Nxd4 Nc6 5.Nb5 d6 6.c4 Nf6 7.N1c3 a6 8.Na3 b6
9.Be2 Bb7 10.O-O Nb8 11.f3 Be7 12.Be3 Nbd7 13.Rc1 O-O 14.Nc2 Rc8 15.Nd4 Qc7
16.b3 Qb8 17.Bd3 Rfe8 18.Bb1 Bd8 19.Bf2 Bc7 20.f4 g6 21.Nf3 Ng4 22.Kh1 Nxf2+
23.Rxf2 Nf6 24.Ng5 Bd8 25.Qe2 h6 26.Nf3 Nh5 27.Qe3 Qc7 28.e5 Be7 29.Rff1 Qc5
30.Qxc5 Rxc5 31.Na4 Rc7 32.Nxb6 Nxf4 33.exd6 Bxd6 34.Rcd1 Bb4 35.Rd7 Rxd7
36.Nxd7 Rd8 37.Nf6+ Kg7 38.Be4 Bxe4 39.Nxe4 f5 40.Nf2 Kf6 41.Rd1 Rxd1+ 42.Nxd1 e5
43.g3 Nd3 44.Ne3 a5 45.Nd5+ Ke6 46.Nc7+ Kd7 47.Nd5 g5 48.Kg2 Ke6 49.Nc7+ Kd6
50.Nb5+ Kd7 51.a3 Bc5 52.Nd2 e4 53.Kf1 h5 54.h3 h4 55.g4 Be3 56.Ke2 Bxd2
57.Kxd2 fxg4  0-1

[Event "Cansys"]
[Site "Budapest"]
[Date "1991.??.??"]
[Round "12"]
[White "Spiriev, Peter"]
[Black "Van Mil, Johannes A J"]
[Result "0-1"]
[WhiteElo "2285"]
[BlackElo "2430"]

1.e4 c5 2.Nf3 e6 3.d4 cxd4 4.Nxd4 Nc6 5.Nb5 d6 6.Bf4 e5 7.Be3 Be6 8.Nd2 Nf6
9.Bg5 Be7 10.Bxf6 Bxf6 11.Nc4 O-O 12.Qxd6 a6 13.Qxd8 Raxd8 14.Nc7 Bxc4 15.Bxc4 Rc8
16.Nd5 Nd4 17.Bd3 Nxc2+ 18.Bxc2 Rxc2 19.Rb1 Rfc8 20.O-O Bg5 21.g3 Kf8 22.h4 Bd2
23.Rfd1 f6 24.h5 R8c4 25.f3 Rd4 26.Rf1 Kf7 27.a3 f5 28.Kg2 Bg5+ 29.Rf2 Rxf2+
30.Kxf2 fxe4 31.fxe4 Rxe4 32.b4 Rd4 33.Nc3 Ke6 34.Na4 Rd2+ 35.Ke1 Kd5 36.Nc5 Rg2
37.Kf1 Rxg3 38.Nxb7 Rxa3 39.Rd1+ Ke4 40.Na5 Bf4 41.Rd6 Ra1+ 42.Kg2 Ra2+ 43.Kg1 Kf3
44.Rd3+ Be3+ 45.Kh1 Rd2 46.Ra3 Rd4  0-1

[Event "Autoteam"]
[Site "Budapest"]
[Date "1991.??.??"]
[Round "12"]
[White "Fogarasi, Tibor"]
[Black "Engqvist, Thomas"]
[Result "1-0"]
[WhiteElo "2420"]
[BlackElo "2365"]

1.e4 c5 2.Nf3 e6 3.d4 cxd4 4.Nxd4 Nc6 5.Nb5 d6 6.c4 Nf6 7.N1c3 a6 8.Na3 Be7
9.Be2 b6 10.O-O Bb7 11.Be3 Nb8 12.f3 Nbd7 13.Qd2 O-O 14.Rfd1 Re8 15.Bf1 Rc8
16.Kh1 Bf8 17.Rac1 Qc7 18.Qf2 Ba8 19.Nc2 Qb8 20.Nd4 Ne5 21.b3 Rc7 22.Qg3 Rec8
23.a4 Re8 24.Re1 Kh8 25.Rcd1 Rcc8 26.Bg1 Ned7 27.Nc2 Red8 28.Rb1 Nc5 29.b4 Ncd7
30.Rec1 Qc7 31.Qf2 Rb8 32.Nd4 Ne5 33.Qe2 Qe7 34.Nb3 Nh5 35.Be3 g5 36.Qf2 Rdc8
37.Nd2 Nd7 38.Bd4+ Kg8 39.Ne2 Nf4 40.Nxf4 gxf4 41.Nb3 Qg5 42.a5 bxa5 43.Nxa5 Rc7
44.b5 e5 45.b6 Rcc8 46.b7 Bxb7 47.Ba7 Ba8 48.Bxb8 Nxb8 49.Qa7 Nc6 50.Nxc6 Bxc6
51.Rb8 Rxb8 52.Qxb8 Qe7 53.c5 dxc5 54.Bxa6 Qd6 55.Qxd6 Bxd6 56.Bc4 Kg7 57.Ra1 Be7
58.Ra7 Kf8 59.Kg1 Ke8  1-0

[Event "GEBA"]
[Site "Buenos Aires"]
[Date "1991.??.??"]
[Round "7"]
[White "Sanchez Almeyra, Jorge"]
[Black "Valiente, Cristobal"]
[Result "1/2-1/2"]
[WhiteElo "2415"]
[BlackElo "2370"]

1.e4 c5 2.Nf3 Nc6 3.d4 cxd4 4.Nxd4 e6 5.Nb5 d6 6.c4 Nf6 7.N1c3 a6 8.Na3 Be7
9.Be2 O-O 10.O-O b6 11.Be3 Ne5 12.f4 Ned7 13.Bf3 Bb7 14.Qe2 Qc7 15.Rac1 Rac8
16.Rfd1 Nc5 17.Bf2 Rfe8 18.Nab1 Qb8 19.Nd2 Rcd8 20.b4 Ncd7 21.a3 h6 22.h4 Nh7
23.h5 Bf6 24.g3 Rc8 25.Qd3 Red8 26.Ne2 Bc6 27.Nd4 Ba4 28.Re1 Ne5 29.Qe2 Nxf3+
30.N2xf3 Be8 31.Kh2 b5 32.cxb5 axb5 33.Nb3 e5 34.fxe5 dxe5 35.Nc5 Qa8 36.Qb2 Ng5
37.Nxg5 Bxg5 38.Be3 Bxe3 39.Rxe3 Rd4 40.Rec3 Rcd8 41.R3c2 Qa7 42.Qc3 Qe7
43.Qe3 f6 44.Qf3 Kh8 45.Qf5 Bf7 46.Kh3 Ra8 47.Rc3 Rd2 48.Qf3 Qe8 49.g4 Bg8
50.Rd1 Rd4 51.Rcd3 Rad8 52.Qe3 Be6 53.Kg3 Bc4 54.R3d2 Qe7 55.Kf2 Qd6 56.Ke1 Qe7
57.Rxd4 exd4 58.Rxd4 Ra8 59.a4 Be6 60.a5 Bxg4 61.e5 f5 62.e6 Qh4+ 63.Kd2 Qh2+
64.Kc1 Qh1+ 65.Kb2 Bxh5 66.e7 Re8 67.a6 Qg2+ 68.Rd2 Rxe7 69.Rxg2 Rxe3 70.a7 Re8
71.Ne6 Bf3 72.Rf2 Rxe6 73.Rxf3 Re2+ 74.Kb3 Re8 75.Rxf5 Ra8 76.Rf7 h5 77.Rf5 Rxa7
78.Rxh5+ Kg8 79.Rxb5 Kf7 80.Ra5 Rb7 81.Kc4 Ke7 82.b5 Kd6 83.Ra6+ Kc7 84.Kc5 Kb8
85.Re6 Rf7 86.Kb4 Kb7 87.Ka5 Rf6 88.Re7+ Kb8 89.Rxg7 Rh6  1/2-1/2

[Event "Buenos Aires Konex"]
[Site "Buenos Aires"]
[Date "1991.??.??"]
[Round "7"]
[White "Mahia, Gustavo"]
[Black "Dorin, Mauricio"]
[Result "0-1"]
[WhiteElo "2390"]
[BlackElo "2280"]

1.e4 c5 2.Nf3 e6 3.d4 cxd4 4.Nxd4 Nc6 5.Nb5 d6 6.c4 Nf6 7.N1c3 a6 8.Na3 Be7
9.Be2 b6 10.Be3 O-O 11.O-O Ne5 12.f4 Ned7 13.Bf3 Bb7 14.Qe2 Qc7 15.Rac1 Rac8
16.g4 Ne8 17.g5 Qd8 18.Qg2 g6 19.f5 Ne5 20.f6 Nxf6 21.gxf6 Bxf6 22.Be2 Nd7
23.Nab1 Bg7 24.Nd2 f5 25.Qh3 Qe7 26.exf5 exf5 27.Rce1 f4 28.Bf2 Ne5 29.Nf3 Rf5
30.Nd5 Qf8 31.Nd4 Rg5+ 32.Bg3 Nxc4 33.Rxf4 Qxf4 34.Nxf4 Bxd4+ 35.Kf1 Nd2+  0-1

[Event "Cadiz op"]
[Site "Cadiz"]
[Date "1991.??.??"]
[Round "?"]
[White "Cisneros, Lucas"]
[Black "Paunovic, Dragan"]
[Result "1-0"]
[WhiteElo "2240"]
[BlackElo "2455"]

1.e4 c5 2.Nf3 Nc6 3.d4 cxd4 4.Nxd4 e6 5.Nb5 d6 6.c4 Nf6 7.N1c3 g6 8.Na3 Be7
9.Be2 O-O 10.O-O b6 11.Be3 Bb7 12.Qd2 Nb8 13.f3 Nbd7 14.Rfd1 Qc7 15.Rac1 Rac8
16.Kh1 Qb8 17.Qe1 Kh8 18.Nc2 Rg8 19.Qf2 Bd8 20.Rd2 Bc7 21.Rcd1 g5 22.Bd3 Rg7
23.Nd4 Rcg8 24.Nde2 Qa8 25.Ng3 h5 26.Bd4 Ne5 27.Re1 Rg6 28.b3 Rh6 29.Bb1 Bc6
30.Bxb6 Bxb6 31.Qxb6 h4 32.Nf1 h3 33.Qe3 hxg2+ 34.Rxg2 Qf8 35.Nd2 Rh3 36.Rg3 Rh4
37.Reg1 g4 38.f4 Qh6 39.R1g2 Ng6 40.Ne2 Rg7 41.Qb6 Rh7 42.Nf1 Nxf4 43.Qxc6 Nxe2
44.Rxe2 Qc1 45.Rg1 Qd1 46.Rf2 Qxb1 47.Rxf6 Kg7 48.Rf2 Qd3 49.Rgg2 Kg6 50.Qa8 Qd4
51.Qc6  1-0

[Event "JUG-chT Cetinje"]
[Site "Cetinje"]
[Date "1991.??.??"]
[Round "4"]
[White "Vujacic, Borivoje"]
[Black "Paunovic, Dragan"]
[Result "1/2-1/2"]
[WhiteElo "2325"]
[BlackElo "2455"]

1.e4 c5 2.Nf3 Nc6 3.d4 cxd4 4.Nxd4 e6 5.Nb5 d6 6.c4 Nf6 7.N1c3 a6 8.Na3 Be7
9.Be2 O-O 10.O-O b6 11.Be3 Bb7 12.Qd2 Ne5 13.f3 Qc7 14.Rfd1 Rac8 15.Rac1 Rfe8
16.Qe1 Ned7 17.Kh1 Qb8 18.Qf2 d5 19.cxd5 exd5 20.Nxd5 Nxd5 21.Rxc8 Rxc8 22.exd5 b5
23.Bd3 Nf6 24.Be4 Qe5 25.Nb1 Nxe4 26.fxe4 Qxe4 27.Nc3 Qg6 28.a3 Bd6 29.h3 Qh5
30.Rd3 Qe5 31.Qg1 Qf5 32.Qd1 Re8 33.Bg1 Qf4 34.Rf3 Qh4 35.Bf2 Qg5 36.Rd3 h5
37.Bg1 Qh4 38.Rd4 Qg5 39.Ne4 Qe5 40.Nxd6 Qxd6 41.Qxh5 Re5 42.Qg4  1/2-1/2

[Event "Cetinje (Women)"]
[Site "Cetinje"]
[Date "1991.??.??"]
[Round "7"]
[White "Nikolin, Zorica"]
[Black "Arakhamia, Ketevan"]
[Result "0-1"]
[WhiteElo "2220"]
[BlackElo "2440"]

1.e4 c5 2.Nf3 e6 3.d4 cxd4 4.Nxd4 Nc6 5.Nb5 d6 6.c4 Nf6 7.N1c3 a6 8.Na3 Be7
9.Be2 Qc7 10.Be3 b6 11.O-O O-O 12.Rc1 Ne5 13.f4 Ned7 14.Bf3 Bb7 15.Qe2 Rac8
16.Rfd1 Qb8 17.Nab1 Bc6 18.b4 b5 19.c5 dxc5 20.e5 Nd5 21.Nxd5 Bxd5 22.Bxd5 exd5
23.bxc5 Bxc5 24.Bxc5 Nxc5 25.Rxd5 Qb6 26.Rf1 Ne6+ 27.Kh1 Rc4 28.Qd2 Qc6 29.Rd6 Qc5
30.Rd5 Qc8 31.h3 Rc2 32.Qd3 Rxa2 33.f5 Nc5 34.Qe3 Na4 35.f6 Qc4 36.Rfd1 Qh4
37.Rd8 gxf6 38.Qc5 Nxc5  0-1

[Event "Capablanca mem (Women)"]
[Site "Cienfuegos"]
[Date "1991.??.??"]
[Round "5"]
[White "Hernandez, Tania"]
[Black "Hernandez, Yadira"]
[Result "1-0"]
[WhiteElo "2095"]
[BlackElo "2090"]

1.e4 c5 2.Nf3 e6 3.d4 cxd4 4.Nxd4 Nc6 5.Nb5 d6 6.c4 Nf6 7.N1c3 a6 8.Na3 Be7
9.Be2 O-O 10.O-O b6 11.Be3 Bb7 12.f3 Qc7 13.Rc1 Ne5 14.Qe1 Rfe8 15.Qf2 Nfd7
16.f4 Ng6 17.b4 Rac8 18.Nab1 Qb8 19.a3 Ba8 20.Nd2 Bf6 21.Rc2 b5 22.Rfc1 Rc7
23.cxb5 Rec8 24.e5 dxe5 25.b6 Rxc3 26.Rxc3 Rxc3 27.Rxc3 exf4 28.Bd4 e5 29.Bxa6 Bb7
30.Bxb7 Qxb7 31.Rc7 Qd5 32.b7 Bh4 33.g3 fxg3 34.hxg3 Bxg3 35.Qxg3 Qxd4+ 36.Qf2 Qg4+
37.Kf1 Ngf8 38.Qf3 Qd4 39.b8=Q  1-0

[Event "NLD-ch sf"]
[Site "Enschede"]
[Date "1991.??.??"]
[Round "2"]
[White "Los, Sander"]
[Black "Van der Griendt, Jan Willem"]
[Result "1/2-1/2"]
[WhiteElo "2345"]
[BlackElo "2450"]

1.e4 c5 2.Nf3 e6 3.d4 cxd4 4.Nxd4 Nc6 5.Nb5 d6 6.c4 Nf6 7.N1c3 a6 8.Na3 Be7
9.Be2 O-O 10.O-O Qc7 11.Be3 Ne5 12.f4 Ned7 13.Bf3 Rb8 14.Rc1 b6 15.g4 Bb7
16.g5 Ne8 17.Qe2 Rc8 18.h4 Qb8 19.Qg2 g6 20.h5 Nc7 21.Qh3 Rfe8 22.Rc2 Rcd8
23.hxg6 fxg6 24.f5 exf5 25.exf5 Bxf3 26.Rxf3 Ne5 27.Rf1 Bf8 28.Ne4 Re7 29.Rh2 Ne8
30.Bd4 d5 31.Nf6+ Nxf6 32.gxf6 Rf7 33.Bxe5 Qxe5 34.fxg6 Bc5+ 35.Kh1 Qe4+
36.Rf3 Qe1+ 37.Rf1 Qe4+ 38.Rf3  1/2-1/2

[Event "Espoo op"]
[Site "Espoo"]
[Date "1991.??.??"]
[Round "5"]
[White "Nokso Koivisto, Antti"]
[Black "Issakainen, Ari"]
[Result "1/2-1/2"]
[WhiteElo "2370"]
[BlackElo "2280"]

1.e4 c5 2.Nf3 e6 3.d4 cxd4 4.Nxd4 Nc6 5.Nb5 d6 6.c4 Nf6 7.N1c3 a6 8.Na3 Be7
9.Be2 b6 10.f4 Bb7 11.O-O O-O 12.Bf3 Qc7 13.Be3 Nb8 14.Rc1 Nbd7 15.Qe2 Rac8
16.Rfd1 Qb8 17.g4 Qa8 18.Bf2 Nc5 19.Re1 Rfd8 20.g5 Ne8 21.Kg2 Bf8 22.Rcd1 Nc7
23.Bxc5 bxc5 24.Kg3 Rb8 25.b3 Bc6 26.Nc2 a5 27.Ne3 Be7 28.h4 f6 29.Bg2 a4
30.bxa4 Bxa4 31.Nxa4 Qxa4 32.Rd2 Qa3 33.Kh2 fxg5 34.fxg5 Rf8 35.Red1 Rf4
36.Kg3 Rbf8 37.Rd3 Qa4 38.Rf1 Rxf1 39.Bxf1 Ra8 40.Rd2 Qa3 41.Kh2  1/2-1/2

[Event "FRA-chT"]
[Site "FRA"]
[Date "1991.??.??"]
[Round "?"]
[White "Murrey, Jacob"]
[Black "Bricard, Emmanuel"]
[Result "1-0"]
[WhiteElo "2440"]
[BlackElo "2395"]

1.e4 c5 2.Nf3 e6 3.d4 cxd4 4.Nxd4 Nc6 5.Nb5 d6 6.c4 Nf6 7.N1c3 a6 8.Nd4 Be7
9.Be2 O-O 10.O-O Bd7 11.Be3 Qb8 12.f4 Rd8 13.a4 Nxd4 14.Qxd4 Bc6 15.b4 Nd7
16.Qd2 b6 17.Bd4 Bf6 18.b5 axb5 19.cxb5 Bb7 20.f5 Qc7 21.fxe6 fxe6 22.Rfd1 Rac8
23.Rac1 Bxd4+ 24.Qxd4 Qc5 25.Bg4 Kf7 26.Ne2 Qxd4+ 27.Nxd4 Nc5 28.Rc4 Ke7
29.Ra1 Ra8 30.Bf3 Rdc8 31.h4 g6 32.Ra3 Ra5 33.e5 d5 34.Rb4 Kd7 35.Bg4 Ke7
36.h5 gxh5 37.Bxh5 Rg8 38.Bd1 Raa8 39.Rh3 Rg7 40.Nc6+ Kd7 41.Rg4 Rf7 42.Rf3 Raf8
43.Rxf7+ Rxf7 44.Nd4 Ke7 45.Rh4 Nd7 46.Rh6 Nf8 47.g3 Bc8 48.Bh5 Rg7 49.Nc6+ Kd7
50.Rf6 Ng6 51.Bg4 Kc7 52.Bxe6 Bb7 53.Bf7 Nxe5 54.Nxe5 Rg5 55.Nc6 Rxg3+ 56.Kf2 Ra3
57.Bxd5 Rxa4 58.Ke3  1-0

[Event "FRA-chT"]
[Site "FRA"]
[Date "1991.??.??"]
[Round "?"]
[White "Bernard, Christophe"]
[Black "Lecuyer, Christian"]
[Result "1-0"]
[WhiteElo "2310"]
[BlackElo "2310"]

1.Nf3 c5 2.e4 e6 3.d4 cxd4 4.Nxd4 Nc6 5.Nb5 d6 6.c4 Nf6 7.N1c3 a6 8.Na3 Be7
9.Be2 O-O 10.O-O b6 11.Be3 Bb7 12.Qb3 Nd7 13.Rfd1 Qc7 14.Rac1 Nc5 15.Qc2 Rac8
16.Qb1 Nb4 17.Nc2 Nxc2 18.Qxc2 Qb8 19.f3 Ba8 20.b4 Nd7 21.Qa4 Qb7 22.Bf4 Rfd8
23.Bxd6 b5 24.Qa5 Bg5 25.f4 Bf6 26.c5 Bxc3 27.Rxc3 f5 28.c6 Qb6+ 29.Qxb6 Nxb6
30.c7 Rd7 31.Be5 Rxd1+ 32.Bxd1 Bxe4 33.h4 Bd5 34.a4 Bc4 35.axb5 axb5 36.h5 Kf7
37.Rg3 Rg8 38.Bd4 Nc8 39.Bf3 Bd5 40.Be2 Bc6 41.Rc3 Bd7 42.Be5 Nb6 43.Rc5 Na4
44.Rxb5 Bxb5 45.Bxb5 Nb6 46.Bd6 Ra8 47.Bc6 Ra7 48.b5 Nc8 49.Be5 Ke7 50.Kf2 Ra2+
51.Ke3 Rc2 52.Bxg7 Rxc6 53.bxc6 Kd6 54.Be5+ Kxc6 55.Kf3 Kd7 56.g4 Ne7 57.g5 Nc6
58.g6 hxg6 59.h6 g5 60.h7 gxf4 61.Kxf4 Ne7 62.Kg5  1-0

[Event "Peer Gynt"]
[Site "Gausdal"]
[Date "1991.??.??"]
[Round "5"]
[White "Thorhallsson, Throstur"]
[Black "Kochyev, Alexander"]
[Result "1/2-1/2"]
[WhiteElo "2425"]
[BlackElo "2485"]

1.e4 c5 2.Nf3 e6 3.d4 cxd4 4.Nxd4 Nc6 5.Nb5 d6 6.c4 Nf6 7.N1c3 a6 8.Na3 Be7
9.Be2 O-O 10.O-O Bd7 11.Be3  1/2-1/2

[Event "Peer Gynt"]
[Site "Gausdal"]
[Date "1991.??.??"]
[Round "7"]
[White "Kengis, Edvins"]
[Black "Kochyev, Alexander"]
[Result "1/2-1/2"]
[WhiteElo "2575"]
[BlackElo "2485"]

1.e4 c5 2.Nf3 e6 3.d4 cxd4 4.Nxd4 Nc6 5.Nb5 d6 6.c4 Nf6 7.N1c3 a6 8.Na3 Be7
9.Be2 O-O 10.O-O Bd7 11.Bf4 Ne5 12.Qd4 Rc8 13.Rfd1 Qc7 14.Rac1 Rfd8 15.Bg3 Be8
16.Kh1 Ng6  1/2-1/2

[Event "BL2-W9091"]
[Site "Germany"]
[Date "1991.??.??"]
[Round "?"]
[White "Kupfer, Michael"]
[Black "Gabler, Bernd"]
[Result "1-0"]
[WhiteElo "2220"]
[BlackElo "2310"]

1.e4 c5 2.Nf3 e6 3.d4 cxd4 4.Nxd4 Nc6 5.Nb5 d6 6.c4 a6 7.N5a3 Nf6 8.Nc3 Be7
9.Be2 O-O 10.O-O Qc7 11.Be3 b6 12.Rc1 Bb7 13.f3 Nd7 14.Nab1 Rfd8 15.Nd5 Qb8
16.Nxe7+ Nxe7 17.Nc3 Bc6 18.b4 d5 19.cxd5 exd5 20.Nxd5 Bxd5 21.exd5 Qe5 22.Bd4 Qxd5
23.Bc4 Qg5 24.Qb3 Qg6 25.Rfe1 Nf5 26.Bf2 b5 27.Bd5 Rac8 28.Bb7 Rxc1 29.Rxc1 Ne5
30.Qd5 Re8 31.Qxe5  1-0

[Event "Giessen op"]
[Site "Giessen"]
[Date "1991.??.??"]
[Round "7"]
[White "Winterstein, Wolfgang"]
[Black "Schwarz, Peter"]
[Result "1-0"]
[WhiteElo "2280"]
[BlackElo "2270"]

1.e4 c5 2.Nf3 e6 3.d4 cxd4 4.Nxd4 Nc6 5.Nb5 Nf6 6.N1c3 d6 7.Bf4 e5 8.Bg5 a6
9.Na3 Be7 10.Nc4 Be6 11.Bxf6 gxf6 12.Ne3 Qa5 13.Bd3 Nb4 14.a3 Nxd3+ 15.Qxd3 Rc8
16.O-O Rg8 17.Ncd5 Qc5 18.c3 Bd8 19.Kh1 Qc6 20.Rad1 Be7 21.f4 Qb5 22.Qd2 Qc6
23.Qf2 Rd8 24.Qh4 Bxd5 25.Nxd5 Qd7 26.fxe5 fxe5 27.Qxh7 Rf8 28.Rf5 Qa4 29.Rdf1 Qc4
30.Qh5  1-0

[Event "Groningen op"]
[Site "Groningen"]
[Date "1991.??.??"]
[Round "2"]
[White "Renet, Olivier"]
[Black "Stone, Raymond"]
[Result "1/2-1/2"]
[WhiteElo "2485"]
[BlackElo "2355"]

1.e4 c5 2.Nf3 e6 3.d4 cxd4 4.Nxd4 Nc6 5.Nb5 d6 6.c4 Nf6 7.N1c3 a6 8.Na3 Be7
9.Be2 b6 10.O-O Bb7 11.Be3 Nb8 12.f3 Nbd7 13.Qd2 Qc7 14.Rac1 O-O 15.Rfd1 Rac8
16.Bf1 Qb8 17.Kh1 Rfe8 18.Qf2 d5 19.cxd5 exd5 20.Nxd5 Nxd5 21.Rxc8 Rxc8 22.exd5 b5
23.Ba7 Qc7 24.Nb1 Nf6 25.Nc3  1/2-1/2

[Event "Groningen op"]
[Site "Groningen"]
[Date "1991.??.??"]
[Round "4"]
[White "Ernst, Thomas"]
[Black "Kiik, Kalle"]
[Result "1-0"]
[WhiteElo "2525"]
[BlackElo "2415"]

1.e4 c5 2.Nf3 e6 3.d4 cxd4 4.Nxd4 Nc6 5.Nb5 d6 6.c4 Nf6 7.N1c3 a6 8.Na3 Be7
9.Be2 b6 10.O-O Bb7 11.Be3 Nb8 12.f3 Nbd7 13.Qd2 O-O 14.Rfd1 Qc7 15.Rac1 Rac8
16.Nc2 Qb8 17.Bf2 Rfe8 18.Ne3 Ne5 19.b4 d5 20.cxd5 Bxb4 21.dxe6 Rxe6 22.Qb2 Bd6
23.Nf5 Nc4 24.Bxc4 Bxh2+ 25.Kh1 Rxc4 26.g3 g6 27.Nd5 Bxd5 28.exd5 Rxc1 29.Rxc1 Re5
30.Ne7+ Rxe7 31.Qxf6 Bxg3 32.Bxg3  1-0

[Event "Guildford"]
[Site "Guildford"]
[Date "1991.??.??"]
[Round "?"]
[White "Kosashvili, Yona"]
[Black "Teske, Henrik"]
[Result "1/2-1/2"]
[WhiteElo "2475"]
[BlackElo "2395"]

1.e4 c5 2.Nf3 e6 3.d4 cxd4 4.Nxd4 Nc6 5.Nb5 d6 6.c4 Nf6 7.N1c3 a6 8.Na3 Be7
9.Be2 b6 10.O-O Bb7 11.Be3 Nd7 12.Qd2 O-O 13.Rfd1 Rc8 14.Rac1 Re8 15.f3 Nb4
16.Bf1 h6 17.Nab1 Nc6 18.Kh1 Nce5 19.b3 Rb8 20.Qf2 Ba8 21.Be2 Nf6 22.Qg3 Nh5
23.Qf2 Nf6 24.c5 bxc5 25.Bxc5 Bb7 26.f4 Ng6 27.Bb6 Qd7 28.e5 Nd5 29.Nxd5 Bxd5
30.f5 Bh4 31.Qf1  1/2-1/2

[Event "Guildford"]
[Site "Guildford"]
[Date "1991.??.??"]
[Round "?"]
[White "Kosashvili, Yona"]
[Black "Fogarasi, Tibor"]
[Result "1-0"]
[WhiteElo "2475"]
[BlackElo "2420"]

1.e4 c5 2.Nf3 e6 3.d4 cxd4 4.Nxd4 Nc6 5.Nb5 d6 6.c4 Nf6 7.N1c3 a6 8.Na3 b6
9.Be2 Bb7 10.O-O Ne5 11.f3 Be7 12.Be3 O-O 13.Qb3 Ned7 14.Rfd1 Rb8 15.Rd2 Re8
16.Qd1 Qc7 17.Bf4 Ne5 18.Kh1 Rbc8 19.Qf1 Nfd7 20.Rad1 Kh8 21.Be3 Nf6 22.Qf2 Ned7
23.Nc2 h6 24.Bf4 Ne5 25.Na4 Nfd7 26.b3 Bc6 27.Nb2 Rb8 28.Nd4 Ba8 29.a3 g5
30.Be3 Ng6 31.b4 Nde5 32.Nc2 Red8 33.Bd4 Kg8 34.Ne3 Bf6 35.Bf1 Bg7 36.Kg1 Bc6
37.g3 g4 38.Nxg4 Nxg4 39.fxg4 e5 40.Be3 Bxe4 41.Na4 b5 42.Bb6 Qc6 43.Bxd8 Rxd8
44.Qb6 Rf8 45.Qxc6 Bxc6 46.cxb5 axb5 47.Nc3 e4 48.Rxd6 Ne5 49.Bg2  1-0

[Event "Guildford"]
[Site "Guildford"]
[Date "1991.??.??"]
[Round "?"]
[White "Fogarasi, Tibor"]
[Black "Teske, Henrik"]
[Result "1/2-1/2"]
[WhiteElo "2420"]
[BlackElo "2395"]

1.e4 c5 2.Nf3 e6 3.d4 cxd4 4.Nxd4 Nc6 5.Nb5 d6 6.c4 Nf6 7.N1c3 a6 8.Na3 Be7
9.Be2 b6 10.O-O Bb7 11.Be3 Nd7 12.f4 O-O 13.Bf3 Rc8 14.Rc1 Nc5 15.Rf2 Qc7
16.Rd2 Rfd8 17.Nab1 Qb8 18.Qe2 Qa8 19.Rcd1 Re8  1/2-1/2

[Event "Guildford"]
[Site "Guildford"]
[Date "1991.??.??"]
[Round "?"]
[White "Kosashvili, Yona"]
[Black "Tozer, Richard"]
[Result "1/2-1/2"]
[WhiteElo "2475"]
[BlackElo "2340"]

1.e4 c5 2.Nf3 e6 3.d4 cxd4 4.Nxd4 Nc6 5.Nb5 d6 6.c4 Nf6 7.N1c3 a6 8.Na3 Be7
9.Be2 b6 10.Be3 Bb7 11.O-O Nb8 12.f3 Nbd7 13.Qd2 O-O 14.Rfd1 Qc7 15.Rac1 Rac8
16.Bf1 Qb8 17.Qf2 Bd8 18.Kh1 Bc7 19.Qg1 Rfe8 20.Nc2 Kh8 21.b4 Ne5 22.Nd4 Qa8
23.Nb3 d5 24.exd5 exd5 25.c5 Nc4 26.Bg5 b5 27.Rc2 Nh5 28.Qd4 Be5 29.Qh4 Nf6
30.Nd4 h6 31.Re2 Nh7 32.Bc1 Bf6 33.Qf2 a5 34.a3 Rxe2 35.Bxe2 axb4 36.axb4 Ng5
37.Ncxb5 Qa4 38.Qe1 Re8 39.h4 Ne6 40.Nxe6 Rxe6 41.Nc7 Re7 42.Nxd5 Bxd5 43.Qf1 Qc2
44.Bd3 Qc3 45.Bb1 g6 46.Bxh6 Qxb4 47.Qf2 Bc6 48.h5 Ne5 49.Bd2 Qb3 50.Re1 gxh5
51.Qd4 Kg7 52.Qf4 Ng4 53.Rc1 Re2 54.Kg1 Qb2 55.Rd1 Qd4+ 56.Qxd4 Bxd4+ 57.Kf1 Bb5
58.Bd3 Bxd3 59.Bh6+ Kxh6 60.Rxd3 Rc2 61.fxg4 Bxc5 62.Rh3 Rf2+ 63.Ke1 Rxg2
64.Rxh5+ Kg6 65.Rxc5  1/2-1/2

[Event "FIN-SWE"]
[Site "Helsinki"]
[Date "1991.??.??"]
[Round "1"]
[White "Wedberg, Tom"]
[Black "Pyhala, Antti"]
[Result "1/2-1/2"]
[WhiteElo "2460"]
[BlackElo "2370"]

1.e4 c5 2.Nf3 e6 3.d4 cxd4 4.Nxd4 Nc6 5.Nb5 d6 6.Bf4 e5 7.Be3 Nf6 8.Bg5 Be6
9.Nd2 a6 10.Bxf6 gxf6 11.Nc3 f5 12.exf5 Bxf5 13.Nc4 d5 14.Ne3 d4 15.Nxf5 dxc3
16.Qxd8+ Rxd8 17.bxc3 Rg8 18.Ng3 Bc5 19.Bd3 h5 20.h4 Rg4 21.Ke2 Be7 22.Rh2 Bxh4
23.Nf5 Bf6 24.f3 Rg5 25.Be4 Ne7 26.Nxe7 Kxe7 27.a4 Bg7 28.Rb1 f5 29.Rxb7+ Kf8
30.Bd3 e4 31.fxe4 fxe4 32.Bxe4 Re5 33.Rh4 Kg8 34.Kf3 Bh6 35.Bh7+ Kh8 36.Re4 Rf8+
37.Ke2 Rg5 38.Ree7 Rxg2+ 39.Kd3 Bg7 40.Be4 Rg3+ 41.Kc4 Rc8+ 42.Kd5 Rg5+ 43.Ke6 h4
44.Kd7 Rf8 45.Re8 Rxe8 46.Kxe8 Re5+ 47.Re7 Rxe7+ 48.Kxe7 Bxc3 49.Kf8 h3 50.Bb7 h2
51.Be4 Bb4+ 52.Kf7 Bc3 53.Kf8 Bb4+ 54.Kf7  1/2-1/2

[Event "HUN-chT"]
[Site "HUN"]
[Date "1991.??.??"]
[Round "?"]
[White "Laszlo, Janos"]
[Black "Fogarasi, Tibor"]
[Result "1/2-1/2"]
[WhiteElo "2280"]
[BlackElo "2410"]

1.e4 c5 2.Nf3 e6 3.d4 cxd4 4.Nxd4 Nc6 5.Nb5 d6 6.Bf4 e5 7.Be3 a6 8.N5c3 Nf6
9.Nd2 b5 10.Bg5 Be7 11.Bxf6 Bxf6 12.a4 b4 13.Nd5 O-O 14.Nc4 Be6 15.Ncb6 Rb8
16.a5 Nxa5 17.Rxa5 Bxd5 18.Qxd5 Rxb6 19.Bxa6 Qc7 20.Bc4 Rc6 21.Bb3 Rc5 22.Rxc5 dxc5
23.O-O Rd8 24.Qc4  1/2-1/2

[Event "Karlsruhe Elo"]
[Site "Karlsruhe"]
[Date "1991.??.??"]
[Round "11"]
[White "Marciano, David"]
[Black "Teske, Henrik"]
[Result "1/2-1/2"]
[WhiteElo "2310"]
[BlackElo "2380"]

1.e4 c5 2.Nf3 Nc6 3.d4 cxd4 4.Nxd4 e6 5.Nb5 d6 6.c4 Nf6 7.N1c3 a6 8.Na3 b6
9.Be2 Bb7 10.O-O Nb8 11.f3 Nbd7 12.Be3 Be7 13.Qe1 O-O  1/2-1/2

[Event "Kerteminde"]
[Site "Kerteminde"]
[Date "1991.??.??"]
[Round "7"]
[White "Berg, Klaus"]
[Black "Jansa, Vlastimil"]
[Result "0-1"]
[WhiteElo "2420"]
[BlackElo "2495"]

1.e4 c5 2.Nf3 e6 3.d4 cxd4 4.Nxd4 Nc6 5.Nb5 d6 6.Bf4 e5 7.Be3 Nf6 8.Bg5 Qa5+
9.Qd2 Nxe4 10.Qxa5 Nxa5 11.Be3 Kd7 12.Nxa7 d5 13.Nxc8 Rxc8 14.Bd3 Nc4 15.Bxe4 Nxe3
16.fxe3 dxe4 17.c3 f5 18.Ke2 Ke6 19.Nd2 Be7 20.Rhd1 Rhd8 21.a4 Rc6 22.Nf1 Rxd1
23.Kxd1 f4 24.Ke2 Rb6 25.Ra2 Kf5 26.a5 Rg6 27.Kf2 Rd6 28.Ke2 Rg6 29.Kf2 Ra6
30.b4 Rc6 31.Ra3 Rd6 32.Ke2 Kg4 33.h3+ Kf5 34.Rb3 Rg6 35.Kf2 Bh4+ 36.Kg1 Rd6
37.Rb1 Rd3 38.exf4 exf4 39.b5 e3 40.a6 bxa6 41.bxa6 Bf2+ 42.Kh2 e2  0-1

[Event "JUG-ch"]
[Site "Kladovo"]
[Date "1991.??.??"]
[Round "13"]
[White "Narandzic, Vlado"]
[Black "Sofrevski, Jovan"]
[Result "1-0"]
[WhiteElo "2385"]
[BlackElo "2415"]

1.e4 c5 2.Nf3 Nc6 3.d4 cxd4 4.Nxd4 e6 5.Nb5 d6 6.c4 Nf6 7.N1c3 a6 8.Na3 Be7
9.Be2 b6 10.O-O Bb7 11.Be3 O-O 12.Rc1 Ne5 13.Qd4 Ned7 14.f3 Re8 15.Qd2 d5
16.cxd5 exd5 17.Nxd5 Nxd5 18.exd5 Nf6 19.Bc4 Nxd5 20.Bxd5 Qxd5 21.Qxd5 Bxd5
22.Nc4 Bxc4 23.Rxc4 Bf6 24.Kf2 Re6 25.Rd1 Rae8 26.Rd3 h5 27.b3 Kh7 28.a4 Kg6
29.g3 Be7 30.f4 b5 31.axb5 axb5 32.Rc2 Bb4 33.Kf3 f6 34.Bf2 Ra6 35.h3 Ra1
36.g4 hxg4+ 37.hxg4 Rb1 38.Rc7 Re7 39.Rxe7 Bxe7 40.Ke4 Rb2 41.Bd4 Rg2 42.Kf3 Rh2
43.Bf2 Bb4 44.Rd1 Rh3+ 45.Bg3 Kf7 46.Kg2 Rh8 47.Rd7+ Be7 48.Rb7 f5 49.gxf5 b4
50.Bf2 Re8 51.Bh4 Kf8 52.Bxe7+ Rxe7 53.Rxe7 Kxe7 54.Kg3 Kf6 55.Kg4 Ke7 56.Kg5 Kf7
57.f6 gxf6+ 58.Kh6  1-0

[Event "Krumbach op"]
[Site "Krumbach"]
[Date "1991.??.??"]
[Round "6"]
[White "Joecks, Christian"]
[Black "Gabriel, Robert"]
[Result "1/2-1/2"]
[WhiteElo "2355"]
[BlackElo "2205"]

1.e4 c5 2.Nf3 e6 3.d4 cxd4 4.Nxd4 Nc6 5.Nb5 d6 6.Bf4 e5 7.Be3 a6 8.N5c3 Be6
9.Nd2 Rc8 10.Nc4 Nd4 11.Bxd4 Bxc4 12.Bxc4 Rxc4 13.Be3 Be7 14.Qe2 Qc8 15.O-O h6
16.f3 Nf6 17.Rac1 O-O 18.Rfd1 Qe6 19.Nd5 Nxd5 20.Rxd5 Rfc8 21.Qd3  1/2-1/2

[Event "Leon"]
[Site "Leon"]
[Date "1991.??.??"]
[Round "?"]
[White "Prie, Eric"]
[Black "Sion Castro, Marcelino"]
[Result "1/2-1/2"]
[WhiteElo "2460"]
[BlackElo "2410"]

1.e4 c5 2.Nf3 e6 3.d4 cxd4 4.Nxd4 Nc6 5.Nb5 d6 6.c4 Nf6 7.N1c3 a6 8.Na3 Be7
9.Be2 O-O 10.O-O b6 11.Be3 Bb7 12.Qb3 Nd7 13.Rfd1 Nc5 14.Qc2 Bf6 15.Nab1 Rc8
16.a3 e5 17.Nd5 Nd4 18.Bxd4 exd4 19.Nxf6+ Qxf6 20.Nd2 Rfe8  1/2-1/2

[Event "Wch U20"]
[Site "Mamaia"]
[Date "1991.??.??"]
[Round "?"]
[White "Livshits, Ron"]
[Black "Stefansson, Hannes"]
[Result "1-0"]
[WhiteElo "2225"]
[BlackElo "2470"]

1.e4 c5 2.Nf3 e6 3.d4 cxd4 4.Nxd4 Nc6 5.Nb5 d6 6.c4 Nf6 7.N1c3 a6 8.Na3 Be7
9.Be2 O-O 10.Be3 b6 11.f4 Re8 12.Bf3 Bb7 13.O-O Rb8 14.Qe2 Nd7 15.Qf2 Qc7
16.Rac1 Nc5 17.Rfd1 Bf6 18.Nab1 Ba8 19.Rc2 Be7 20.a3 Nb3 21.Na4 Bd8 22.Nd2 Nca5
23.Nxb3 Nxb3 24.Rd3 Nc5 25.Nxc5 bxc5 26.Rcd2 Be7 27.e5 dxe5 28.Rd7 Qc8 29.Bxa8 Rxa8
30.fxe5 h6 31.R2d3 Rb8 32.Bxh6 Rb7 33.Rg3 Qxd7 34.Rxg7+ Kh8 35.Qc2  1-0

[Event "Mexico City"]
[Site "Mexico"]
[Date "1991.??.??"]
[Round "9"]
[White "Rodriguez, Amador"]
[Black "Sunye Neto, Jaime"]
[Result "1/2-1/2"]
[WhiteElo "2530"]
[BlackElo "2475"]

1.e4 c5 2.Nf3 e6 3.d4 cxd4 4.Nxd4 Nc6 5.Nb5 d6 6.c4 Nf6 7.N1c3 a6 8.Na3 b6
9.Be2 Bb7 10.O-O Nb8 11.f3 Be7 12.Bf4 O-O 13.Qd2 Qc7 14.Rfd1 Ne8 15.Rac1 Nd7
16.Nc2 Rc8 17.Nd4 Qb8 18.Bf1 Bd8 19.Bg3  1/2-1/2